State Capitals That Beat Austin - Statistics

General Stats
  • This quiz has been taken 271 times
  • The average score is 14 of 17
Answer Stats
Rank Category State Capital % Correct
8 Largest Airport Atlanta | Denver | Phoenix | Boston | Salt Lake City | Honolulu | Nashville
100%
10 Closest to Cuba Tallahassee | Montgomery | Baton Rouge | Columbia | Atlanta | Jackson | Raleigh | Nashville | Little Rock
100%
8 Least Snow Honolulu | Phoenix | Sacramento | Tallahassee | Baton Rouge | Montgomery | Columbia
99%
7 Most Guessed on the Jetpunk State Capitals Quiz Sacramento | Denver | Honolulu | Atlanta | Phoenix | Boston
96%
3(t) Hottest Average Temperature Honolulu | Phoenix | Tallahassee(t)
90%
5 First Alphabetically Albany | Annapolis | Atlanta | Augusta
88%
6 Tallest Building Atlanta | Oklahoma City | Indianapolis | Boston | Denver
88%
7 Highest GDP Per Capita Boston | Des Moines | Trenton | Madison | Hartford | Denver
88%
4 Farthest Away From Another State Capital Honolulu | Juneau | Phoenix
88%
4(t) Shortest Name Boise | Dover | Salem | Albany(t) | Boston(t) | Denver(t) | Helena(t) | Juneau(t) | Pierre(t) | Topeka(t)
86%
6 Largest Area (City Proper) Juneau | Oklahoma City | Nashville | Phoenix | Indianapolis
86%
2 Farthest South Honolulu
83%
2 Closest to Mexico Phoenix
82%
7 Longest River Alongside Bismarck | Pierre | Jefferson City | St. Paul | Baton Rouge | Little Rock
81%
2 Most Populous (City Proper) Phoenix
75%
6 Tallest State Capitol Building Baton Rouge | Lincoln | Springfield | Topeka | Tallahassee
50%
2 Most Populous Without a NFL Team Sacramento
47%
No matching quizzes found
Score Distribution
Percent of People with Each Score
Percentile by Number Answered
Your Score History
You have not taken this quiz